LEADER 01745nas 2200397 n 450 001 990008895410403321 005 20240229084544.0 011 $a0003-4177 035 $a000889541 035 $aFED01000889541 035 $a(Aleph)000889541FED01 035 $a000889541 091 $2CNR$aP 00009226 100 $a20090724b19691980km-y0itaa50------ba 101 0 $afre 102 $aFR 110 $aauu-------- 200 1 $aAnnales de phytopatologie 207 1$a1969-1980 210 $aParis$cInstitut national de la recherche agronomique 443 0$1001000889552$12001$aAnnales des épiphyties [1950] 447 0$1001000888966$12001$aAgronomie (Print) 530 0 $aAnnales de phytopatologie 675 $a632 675 $a581.2 712 02$aInstitut national de la recherche agronomique$c 801 0$aIT$bACNP$c20090723 859 4 $uhttp://acnp.cib.unibo.it/cgi-ser/start/it/cnr/dc-p1.tcl?catno=4346&person=false&language=ITALIANO&libr=&libr_th=unina1$zBiblioteche che possiedono il periodico 901 $aSE 912 $a990008895410403321 958 $aBiblioteca Dipartimento di Arboricoltura, Botanica e Patologia Vegetale-Sez. Patologia vegetale-Università Federico II di Napoli$b1969-1980.$fDAGPV 959 $aDAGPV 996 $aAnnales de phytopatologie$9801328 997 $aUNINA AP1 8 $6866-01$aNA086 Biblioteca Dipartimento di Arboricoltura, Botanica e Patologia Vegetale-Sez. Patologia vegetale-Università Federico II di Napoli$ev. Università,100, 80055 Portici (NA)$m08125.39322$nit AP2 40$aacnp.cib.unibo.it$nACNP Italian Union Catalogue of Serials$uhttp://acnp.cib.unibo.it/cgi-ser/start/it/cnr/df-p.tcl?catno=4346&language=ITALIANO&libr=&person=&B=1&libr_th=unina&proposto=NO LEADER 01490nam0 22003853i 450 001 VAN0268659 005 20240404035505.556 017 70$2N$a9781475740325 100 $a20231211d1984 |0itac50 ba 101 $aeng 102 $aUS 105 $a|||| ||||| 200 1 $aGeneral topology$fJacques Dixmier 210 $aNew York$cSpringer$d1984 215 $ax, 140 p.$d25 cm 410 1$1001VAN0024019$12001 $aUndergraduate texts in mathematics$1210 $aBerlin [etc.]$cSpringer 500 1$3VAN0079614$aTopologie générale$91400386 606 $a54-XX$xGeneral topology [MSC 2020]$3VANC020587$2MF 610 $aCompact spaces$9KW:K 610 $aConnected spaces$9KW:K 610 $aFinite$9KW:K 610 $aFunctions$9KW:K 610 $aTopology$9KW:K 610 $aVariables$9KW:K 620 $aUS$dNew York$3VANL000011 700 1$aDixmier$bJacques$3VANV044490$041130 712 $aSpringer $3VANV108073$4650 801 $aIT$bSOL$c20240614$gRICA 856 4 $uhttps://doi.org/10.1007/978-1-4757-4032-5$zE-book ? Accesso al full-text attraverso riconoscimento IP di Ateneo, proxy e/o Shibboleth 899 $aBIBLIOTECA DEL DIPARTIMENTO DI MATEMATICA E FISICA$1IT-CE0120$2VAN08 912 $fN 912 $aVAN0268659 950 $aBIBLIOTECA DEL DIPARTIMENTO DI MATEMATICA E FISICA$d08CONS e-book 7661 $e08eMF7661 20231218 996 $aTopologie generale$91400386 997 $aUNICAMPANIA